[Event "35 Andorra Open"]
[Site "Escaldes"]
[Date "2017.07.28"]
[Round "7.24"]
[White "Loiseau, Quentin"]
[Black "Martinez Lopez, Ivan"]
[Result "1/2-1/2"]
[WhiteElo "2424"]
[BlackElo "2176"]
[PlyCount "113"]
[EventDate "2017.07.22"]
[EventType "swiss"]
[EventRounds "9"]
[EventCountry "AND"]

1. e4 d5 2. exd5 Qxd5 3. Nc3 Qd6 4. d4 Nf6 5. Nf3 c6 6. g3 Bf5 7. Bg2 e6 8. O-O
h6 9. Qe2 Be7 10. a3 O-O 11. Rd1 Qd8 12. Ne5 Bh7 13. g4 Nbd7 14. f4 Ne8 15. Ne4
Qc7 16. Ng3 Rd8 17. Be3 Bd6 18. c4 f6 19. c5 Bxe5 20. fxe5 fxe5 21. Qc4 Kh8 22.
g5 exd4 23. Qxd4 hxg5 24. Bxg5 Nef6 25. Re1 Rde8 26. b4 e5 27. Qh4 Kg8 28. Rad1
e4 29. Rd6 b6 30. Bf4 Ne5 31. Qg5 Qe7 32. Bxe5 Qxe5 33. Qxe5 Rxe5 34. cxb6 axb6
35. Rxc6 b5 36. Rc5 Rfe8 37. Bf1 Rxc5 38. bxc5 Ra8 39. c6 Ne8 40. Nxe4 Rxa3 41.
Ng5 Bg6 42. Bxb5 Rc3 43. h4 Nc7 44. Ba4 Kf8 45. Ne6+ Nxe6 46. Rxe6 Be8 47. Kf2
Rc4 48. Bb5 Rc5 49. Ba4 Rc4 50. Bb3 Rxc6 51. Rxe8+ Kxe8 52. Ba4 Kd7 53. Ke3 Kd6
54. Bxc6 Kxc6 55. Kf4 Kd6 56. Kg5 Ke7 57. h5 1/2-1/2

[Event "35 Andorra Open"]
[Site "Escaldes"]
[Date "2017.07.28"]
[Round "7.25"]
[White "Cimer, Emanuel"]
[Black "ARJUN, Kalyan"]
[Result "1/2-1/2"]
[WhiteElo "2213"]
[BlackElo "2347"]
[PlyCount "62"]
[EventDate "2017.07.22"]
[EventType "swiss"]
[EventRounds "9"]
[EventCountry "AND"]

1. e4 e5 2. Nf3 Nc6 3. Bb5 a6 4. Ba4 Nf6 5. O-O Be7 6. d3 b5 7. Bb3 d6 8. a3
Na5 9. Ba2 c5 10. Nc3 Be6 11. Nd5 Nxd5 12. Bxd5 Bxd5 13. exd5 O-O 14. b4 Nb7
15. Re1 Qc7 16. Nd2 f5 17. Bb2 Bf6 18. c4 cxb4 19. axb4 a5 20. bxa5 Rxa5 21.
Rxa5 Qxa5 22. f4 exf4 23. Bxf6 Rxf6 24. Re8+ Rf8 25. Qe1 Qa7+ 26. Kf1 Nd8 27.
cxb5 Qf7 28. Rxf8+ Kxf8 29. Qh4 Ke8 30. Qxf4 Qxd5 31. Qc4 Qxc4 1/2-1/2

[Event "35 Open Andorra"]
[Site "Escaldes-Engordany"]
[Date "2017.07.29"]
[Round "8.2"]
[White "Suarez Gomez, Julio"]
[Black "Forcen Esteban, Daniel"]
[Result "1/2-1/2"]
[WhiteElo "2474"]
[BlackElo "2536"]
[PlyCount "43"]
[EventDate "2017.??.??"]
[WhiteClock "0:21:43"]
[BlackClock "0:32:12"]

1. d4 Nf6 2. Nf3 d5 3. c4 c6 4. e3 Bg4 5. h3 Bh5 6. Nc3 e6 7. g4 Bg6 8. Ne5
Nbd7 9. Nxg6 hxg6 10. Bd2 Be7 11. g5 Ne4 12. Nxe4 dxe4 13. Bg2 Bxg5 14. Bxe4 e5
15. dxe5 Nxe5 16. Qe2 Bf6 17. O-O-O Qe7 18. f4 Nd7 19. Bc2 O-O-O 20. e4 Bd4 21.
Kb1 Nb6 22. Bc1 1/2-1/2

[Event "35 Open Andorra"]
[Site "Escaldes-Engordany"]
[Date "2017.07.29"]
[Round "8.3"]
[White "Ben Artzi, Ido"]
[Black "Zoler, Dan"]
[Result "1-0"]
[WhiteElo "2380"]
[BlackElo "2499"]
[PlyCount "99"]
[EventDate "2017.??.??"]
[WhiteClock "0:25:26"]
[BlackClock "0:33:05"]

1. e4 c5 2. Nf3 d6 3. d4 cxd4 4. Nxd4 Nf6 5. Nc3 a6 6. Be3 e5 7. Nb3 Be6 8. Qd2
Nbd7 9. f3 h5 10. Nd5 Bxd5 11. exd5 Be7 12. Be2 g6 13. O-O-O Qc7 14. Kb1 Rc8
15. c4 b6 16. g4 Nc5 17. Nxc5 bxc5 18. f4 exf4 19. Bxf4 hxg4 20. Qc3 Rh3 21.
Bg3 Kf8 22. Rhf1 Qd8 23. Rf4 Rh6 24. Rdf1 g5 25. Rf5 Rg6 26. Bxg4 Rb8 27. Bd1
Kg8 28. Bc2 Rb7 29. Be1 Qe8 30. Qf3 g4 31. Qf2 Bd8 32. Rf4 g3 33. hxg3 Ng4 34.
Qg2 Ne3 35. Qe2 Re7 36. Bxg6 fxg6 37. Rf8+ Qxf8 38. Rxf8+ Kxf8 39. Bc3 Nf5 40.
Qh2 Rf7 41. g4 Nd4 42. Bxd4 cxd4 43. Qxd6+ Be7 44. Qxg6 Rf1+ 45. Kc2 Bf6 46. d6
Rf2+ 47. Kd3 Rf3+ 48. Ke4 Re3+ 49. Kd5 Rf3 50. d7 1-0

[Event "35 Open Andorra"]
[Site "Escaldes-Engordany"]
[Date "2017.07.29"]
[Round "8.4"]
[White "Dvirnyy, Danyyil"]
[Black "Kaspi, Alexander"]
[Result "0-1"]
[WhiteElo "2558"]
[BlackElo "2435"]
[PlyCount "60"]
[EventDate "2017.??.??"]
[WhiteClock "0:33:04"]
[BlackClock "0:32:22"]

1. d4 d5 2. Bf4 c6 3. e3 Bf5 4. c4 e6 5. Nc3 Bd6 6. Qb3 Bxf4 7. Qxb7 Nd7 8.
exf4 Ne7 9. Qb4 Rb8 10. Qa3 Qb6 11. O-O-O c5 12. Nf3 O-O 13. b3 Bg4 14. Na4 Qc7
15. Nxc5 Nxc5 16. dxc5 Qxf4+ 17. Kb1 Bxf3 18. gxf3 dxc4 19. Qc1 Qf5+ 20. Qc2
Qxc2+ 21. Kxc2 cxb3+ 22. axb3 Rfc8 23. Rd7 Rxc5+ 24. Bc4 Nc6 25. Rhd1 g6 26.
Kc3 Rf5 27. Be2 a5 28. R1d6 Ne5 29. Ra7 Nxf3 30. Rda6 Rc8+ {Kd4} 0-1

[Event "35 Open Andorra"]
[Site "Escaldes-Engordany"]
[Date "2017.07.29"]
[Round "8.5"]
[White "Edouard, Romain"]
[Black "Llaneza Vega, Marcos"]
[Result "1-0"]
[WhiteElo "2622"]
[BlackElo "2416"]
[PlyCount "100"]
[EventDate "2017.??.??"]
[WhiteClock "0:14:14"]
[BlackClock "0:19:59"]

1. c4 c5 2. Nf3 Nc6 3. Nc3 g6 4. e3 Bg7 5. d4 d6 6. d5 Ne5 7. Nxe5 Bxe5 8. e4
Nf6 9. Bd3 Nh5 10. g3 O-O 11. Bg5 f5 12. f4 Bd4 13. exf5 Bxf5 14. Bxf5 Rxf5 15.
g4 Rxg5 16. fxg5 Nf4 17. Qf3 Qa5 18. O-O-O Bxc3 19. bxc3 b5 20. Rd2 bxc4 21.
Rc2 Nd3+ 22. Kb1 Rf8 23. Qe2 Qb5+ 24. Ka1 Ne5 25. Rf1 Rxf1+ 26. Qxf1 Qb7 27.
Rb2 Qc8 28. h3 Kg7 29. Rb1 a5 30. Qf4 a4 31. a3 Qa8 32. Rf1 Qc8 33. h4 Qa8 34.
h5 Kg8 35. Rb1 Qc8 36. h6 Qa8 37. Rb5 Qc8 38. Rb1 Qa8 39. Ka2 Qc8 40. Rf1 Qb8
41. Rb1 Qc8 42. Qf2 Qa8 43. Qb2 Qxd5 44. Qb8+ Kf7 45. Qh8 Qd2+ 46. Rb2 Qd1 47.
Qxh7+ Ke6 48. Qg8+ Kd7 49. Rb7+ Kc6 50. Qa8 Kd5 1-0

[Event "35 Open Andorra"]
[Site "Escaldes-Engordany"]
[Date "2017.07.29"]
[Round "8.6"]
[White "Iniyan, P."]
[Black "Steinberg, Nitzan"]
[Result "1-0"]
[WhiteElo "2380"]
[BlackElo "2543"]
[PlyCount "61"]
[EventDate "2017.??.??"]
[WhiteClock "0:24:34"]
[BlackClock "0:09:24"]

1. d4 Nf6 2. c4 e6 3. Nc3 Bb4 4. Nf3 b6 5. e3 Bb7 6. Bd3 O-O 7. O-O c5 8. Na4
cxd4 9. exd4 Re8 10. a3 Bf8 11. Re1 d6 12. b4 Nbd7 13. Bb2 g6 14. Nd2 Rc8 15.
Nc3 Qc7 16. Qb3 Bg7 17. Rad1 Qb8 18. Nf1 d5 19. Ne3 dxc4 20. Bxc4 Qa8 21. h3 a6
22. b5 a5 23. d5 Nc5 24. Qa2 Qb8 25. dxe6 Nxe6 26. Na4 Ba8 27. Qa1 Nh5 28. Bxg7
Nhxg7 29. Bd5 Nc5 30. Nxc5 Rxc5 31. Bxf7+ 1-0

[Event "35 Open Andorra"]
[Site "Escaldes-Engordany"]
[Date "2017.07.29"]
[Round "8.7"]
[White "Farran Martos, Francesc X"]
[Black "Del Rio De Angelis, Salvador G"]
[Result "1/2-1/2"]
[WhiteElo "2412"]
[BlackElo "2522"]
[PlyCount "44"]
[EventDate "2017.??.??"]
[WhiteClock "0:12:26"]
[BlackClock "0:33:23"]

1. e4 e6 2. d4 d5 3. Nc3 Nf6 4. Bg5 dxe4 5. Bxf6 Qxf6 6. Nxe4 Qd8 7. Nf3 Nd7 8.
Bd3 c5 9. dxc5 Qa5+ 10. c3 Nxc5 11. Nxc5 Qxc5 12. Qe2 Bd7 13. Ne5 Bc6 14. O-O-O
Bd6 15. Nxc6 bxc6 16. Qe4 Rb8 17. Rd2 Ke7 18. Bc4 Rhd8 19. Rhd1 Bc7 20. g3 Rxd2
21. Rxd2 Rd8 22. b4 Qe5 1/2-1/2

[Event "35 Open Andorra"]
[Site "Escaldes-Engordany"]
[Date "2017.07.29"]
[Round "8.8"]
[White "Kobo, Ori"]
[Black "Akshat, Khamparia"]
[Result "1-0"]
[WhiteElo "2494"]
[BlackElo "2342"]
[PlyCount "49"]
[EventDate "2017.??.??"]
[WhiteClock "0:20:27"]
[BlackClock "0:24:23"]

1. d4 Nf6 2. Nf3 g6 3. Bg5 Bg7 4. Nbd2 d5 5. e3 O-O 6. Be2 c5 7. c3 b6 8. O-O
Bb7 9. b4 cxb4 10. cxb4 Nc6 11. b5 Na5 12. Rc1 Ne4 13. Bh4 Qd6 14. Nxe4 dxe4
15. Ne5 Bd5 16. Nc6 Bf6 17. Bxf6 Nxc6 18. Rxc6 Bxc6 19. Be5 Qd5 20. bxc6 Qxc6
21. Qb3 Qb7 22. f3 Rac8 23. fxe4 e6 24. d5 Rfe8 25. Bb5 1-0

[Event "35 Andorra Open"]
[Site "Hotel Panorama [Ctra. de l'Oba"]
[Date "2017.07.29"]
[Round "8.9"]
[White "Zanan, Evgeny"]
[Black "Riff, Jean-Noel"]
[Result "1-0"]
[WhiteElo "2428"]
[BlackElo "2493"]
[PlyCount "45"]
[EventDate "2017.07.22"]

1. e4 e6 2. d4 d5 3. Nc3 Nf6 4. e5 Nfd7 5. f4 c5 6. Nf3 Nc6 7. Be3 cxd4 8. Nxd4
Qb6 9. Qd2 Qxb2 10. Rb1 Qa3 11. Bb5 Nxd4 12. Bxd4 a6 13. Bxd7+ Bxd7 14. Rb3 Qe7
15. Rxb7 Rc8 16. O-O Qa3 17. Rb3 Qa5 18. f5 Bc5 19. Bxc5 Qxc5+ 20. Kh1 exf5 21.
Nxd5 Bb5 22. Rd1 O-O 23. Nf6+ 1-0

[Event "35 Andorra Open"]
[Site "Hotel Panorama [Ctra. de l'Oba"]
[Date "2017.07.29"]
[Round "8.10"]
[White "Soham, Das"]
[Black "Comas Fabrego, Lluis"]
[Result "1/2-1/2"]
[WhiteElo "2020"]
[BlackElo "2481"]
[PlyCount "26"]
[EventDate "2017.07.22"]

1. e4 c5 2. Nf3 e6 3. d4 cxd4 4. Nxd4 a6 5. Bd3 Nf6 6. O-O d6 7. c4 g6 8. Nc3
Bg7 9. Be3 O-O 10. Rc1 b6 11. f3 Bb7 12. Qd2 Nbd7 13. Rfd1 Rc8 1/2-1/2

[Event "35 Andorra Open"]
[Site "Hotel Panorama [Ctra. de l'Oba"]
[Date "2017.07.29"]
[Round "8.11"]
[White "Fell, Sebastian"]
[Black "Aloma Vidal, Robert"]
[Result "1-0"]
[WhiteElo "2343"]
[BlackElo "2457"]
[PlyCount "57"]
[EventDate "2017.07.22"]

1. e4 d5 2. exd5 Qxd5 3. Nc3 Qd6 4. d4 Nf6 5. Nf3 g6 6. Nb5 Qb6 7. Na3 c6 8.
Nc4 Qd8 9. h3 Bg7 10. Bf4 Nbd7 11. Be2 O-O 12. O-O c5 13. d5 b5 14. Ne3 c4 15.
a4 Ne4 16. c3 b4 17. cxb4 c3 18. b3 Qb6 19. a5 Qf6 20. Bh2 g5 21. Bd3 Qg6 22.
Qc2 Ndf6 23. Ne5 Qh5 24. Bxe4 Nxe4 25. Qxe4 f5 26. Qc4 f4 27. d6+ Kh8 28. dxe7
Rf6 29. Nf7+ 1-0

[Event "35 Andorra Open"]
[Site "Hotel Panorama [Ctra. de l'Oba"]
[Date "2017.07.29"]
[Round "8.12"]
[White "Quintin Navarro, Alberto"]
[Black "Landa, Konstantin"]
[Result "1-0"]
[WhiteElo "2380"]
[BlackElo "2617"]
[PlyCount "43"]
[EventDate "2017.07.22"]

1. d4 e6 2. Nf3 Nf6 3. c4 b6 4. a3 Bb7 5. Nc3 d5 6. cxd5 Nxd5 7. Bd2 Be7 8. Qc2
Nxc3 9. Bxc3 O-O 10. O-O-O b5 11. e3 c6 12. h4 a5 13. Ng5 g6 14. Nxh7 Re8 15.
h5 g5 16. d5 cxd5 17. h6 f5 18. Nxg5 Bxg5 19. h7+ Kf7 20. h8=Q Rxh8 21. Rxh8
Qb6 22. Qe2 1-0

[Event "35 Andorra Open"]
[Site "Hotel Panorama [Ctra. de l'Oba"]
[Date "2017.07.29"]
[Round "8.13"]
[White "Akash Pc, Iyer"]
[Black "Gozzoli, Yannick"]
[Result "1/2-1/2"]
[WhiteElo "2300"]
[BlackElo "2594"]
[PlyCount "82"]
[EventDate "2017.07.22"]

1. Nf3 Nf6 2. g3 g6 3. Bg2 Bg7 4. O-O O-O 5. c4 c5 6. d4 d6 7. Nc3 Nc6 8. dxc5
dxc5 9. Be3 Qa5 10. Qa4 Qxa4 11. Nxa4 b6 12. h3 Ne8 13. Rac1 Nd6 14. b3 Bb7 15.
Rfd1 Rad8 16. Nc3 Rd7 17. Nb5 Rfd8 18. Nxd6 Rxd6 19. Rxd6 Rxd6 20. Ng5 Bd4 21.
Bf4 Rd7 22. Bd5 Nd8 23. Bxb7 Rxb7 24. Rd1 Nc6 25. e3 Bg7 26. g4 h6 27. Ne4 Kf8
28. Kf1 Ke8 29. Ke2 Nb4 30. Rd2 Rd7 31. a3 Nc6 32. Rxd7 Kxd7 33. Kd2 f5 34.
gxf5 gxf5 35. Nc3 h5 36. Ne2 Ke6 37. Kc2 Bf6 38. Bg3 Kf7 39. f4 Nd8 40. Be1 Nb7
41. Bc3 Nd6 1/2-1/2

[Event "35 Andorra Open"]
[Site "Hotel Panorama [Ctra. de l'Oba"]
[Date "2017.07.29"]
[Round "8.14"]
[White "Baron, Tal"]
[Black "Llaneza Vega, Patricia"]
[Result "1/2-1/2"]
[WhiteElo "2547"]
[BlackElo "2271"]
[PlyCount "92"]
[EventDate "2017.07.22"]

1. d4 Nf6 2. c4 g6 3. Nc3 Bg7 4. e4 d6 5. Nf3 O-O 6. h3 e5 7. d5 a5 8. g4 Na6
9. Be3 Qe8 10. Nd2 Nd7 11. a3 f5 12. gxf5 gxf5 13. exf5 Nf6 14. Bd3 Qh5 15. Qc2
Ng4 16. hxg4 Qxh1+ 17. Nf1 Qh4 18. g5 e4 19. Nxe4 Bxf5 20. O-O-O Bxe4 21. Bxe4
Nc5 22. Bf5 Rae8 23. Nd2 a4 24. Kb1 Qh5 25. Rg1 Re5 26. Bg4 Qg6 27. Qxg6 hxg6
28. Nf3 Re4 29. Nd2 Rxe3 30. fxe3 Rf2 31. Kc2 Bxb2 32. Rb1 Bxa3 33. Kc3 Rg2 34.
Bf3 Rf2 35. Bd1 b6 36. Bc2 Kg7 37. Ra1 Bb2+ 38. Kxb2 Rxd2 39. Kc3 Rg2 40. Bxa4
Rxg5 41. Bc2 Re5 42. Rg1 g5 43. Kb4 Kf6 44. Rf1+ Kg7 45. Rg1 Kf6 46. Rf1+ Kg7
1/2-1/2

[Event "35 Andorra Open"]
[Site "Hotel Panorama [Ctra. de l'Oba"]
[Date "2017.07.29"]
[Round "8.15"]
[White "Santos Latasa, Jaime"]
[Black "Tahay, Alexis"]
[Result "1-0"]
[WhiteElo "2542"]
[BlackElo "2290"]
[PlyCount "87"]
[EventDate "2017.07.22"]

1. e4 c5 2. Nf3 d6 3. d4 cxd4 4. Nxd4 Nf6 5. Nc3 a6 6. h3 e5 7. Nde2 b5 8. g4
Bb7 9. Bg2 Be7 10. O-O Nbd7 11. Ng3 O-O 12. g5 Ne8 13. h4 g6 14. a4 Nc7 15. Be3
Nc5 16. Qd2 Nxa4 17. Nxa4 bxa4 18. Rxa4 Qd7 19. Rc4 Rfd8 20. Bb6 Rdc8 21. f4
Ne6 22. Rxc8+ Qxc8 23. Ne2 Nxf4 24. Nxf4 exf4 25. Qxf4 Qe6 26. Bd4 Rf8 27. Bc3
Qc4 28. e5 Qc5+ 29. Bd4 dxe5 30. Qxe5 Qxe5 31. Bxe5 Bc5+ 32. Kh1 Bxg2+ 33. Kxg2
Re8 34. Bf6 Bf8 35. Ra1 Re2+ 36. Kf3 Rxc2 37. Rxa6 Rc8 38. Ke4 Bg7 39. b4 h6
40. b5 Bxf6 41. gxf6 Rc4+ 42. Kd5 Rxh4 43. b6 Rh5+ 44. Kc6 1-0

[Event "35 Andorra Open"]
[Site "Hotel Panorama [Ctra. de l'Oba"]
[Date "2017.07.29"]
[Round "8.16"]
[White "Kogan, Arthur"]
[Black "Srijit, Paul"]
[Result "1-0"]
[WhiteElo "2529"]
[BlackElo "2247"]
[PlyCount "43"]
[EventDate "2017.07.22"]

1. d4 f5 2. Nf3 Nf6 3. Bg5 e6 4. Nbd2 d5 5. e3 Be7 6. Ne5 O-O 7. Be2 Nbd7 8.
Nd3 Ne4 9. Bf4 c6 10. f3 Nxd2 11. Qxd2 Bh4+ 12. Bg3 Bxg3+ 13. hxg3 b6 14. O-O-O
Ba6 15. Rh4 Qe7 16. Rdh1 Bxd3 17. Bxd3 g6 18. e4 dxe4 19. fxe4 Nf6 20. Qg5 Qg7
21. e5 Nh5 22. g4 1-0

[Event "35 Andorra Open"]
[Site "Hotel Panorama [Ctra. de l'Oba"]
[Date "2017.07.29"]
[Round "8.17"]
[White "Valsecchi, Alessio"]
[Black "Rohith, Krishna S"]
[Result "1-0"]
[WhiteElo "2506"]
[BlackElo "2137"]
[PlyCount "145"]
[EventDate "2017.07.22"]

1. d4 d5 2. Nf3 Nf6 3. c4 e6 4. Nc3 c6 5. e3 Nbd7 6. Qc2 Be7 7. Be2 O-O 8. O-O
b6 9. Rd1 Bb7 10. b3 Rc8 11. Bb2 Qc7 12. Rac1 Rfd8 13. Bd3 Bd6 14. Qe2 h6 15.
cxd5 exd5 16. Nb5 Qb8 17. Nxd6 Qxd6 18. Bf5 Rc7 19. Ne5 Nf8 20. Qe1 Re7 21. b4
Ne8 22. Qc3 Rc7 23. Qb3 f6 24. Nf3 Qe7 25. a4 Nd6 26. Bd3 b5 27. Bc3 a6 28. Re1
Qf7 29. Re2 Nd7 30. a5 Nf8 31. Qb1 Re8 32. Nd2 Rce7 33. Nb3 Rd8 34. Rce1 Ne6
35. f3 Bc8 36. Rc1 Nc4 37. Be1 f5 38. Bg3 Nf8 39. Bf2 Kh8 40. Rce1 Rde8 41. Qc1
Qf6 42. Bg3 Nd7 43. e4 Qf7 44. Qc2 Na3 45. Qc3 Nc4 46. Bh4 Re6 47. Nc1 Qh5 48.
Bg3 fxe4 49. fxe4 dxe4 50. Bxe4 Nf6 51. Bf3 Qf7 52. Be5 Nd5 53. Bxd5 cxd5 54.
Nd3 Rg8 55. Rf2 Qa7 56. Ref1 Rc6 57. Nc5 Qe7 58. Qg3 Nxe5 59. Re1 Rg6 60. Qxe5
Qd8 61. Rf4 Bh3 62. Re2 Bg4 63. Re3 Rg5 64. Qe7 Qb8 65. Rf2 Bh5 66. Nxa6 Qc8
67. Nc5 Re8 68. Qb7 Qg4 69. Rxe8+ Bxe8 70. Qe7 Qd1+ 71. Rf1 Qxd4+ 72. Kh1 Bh5
73. Ne6 1-0

[Event "35 Andorra Open"]
[Site "Hotel Panorama [Ctra. de l'Oba"]
[Date "2017.07.29"]
[Round "8.18"]
[White "Morros Faura, Ricard"]
[Black "Caspi, Israel"]
[Result "0-1"]
[WhiteElo "2270"]
[BlackElo "2487"]
[PlyCount "90"]
[EventDate "2017.07.22"]

1. e4 d5 2. exd5 Qxd5 3. Nc3 Qd6 4. d4 Nf6 5. Nf3 a6 6. g3 Bg4 7. h3 Bh5 8. Bg2
Nc6 9. O-O O-O-O 10. Bf4 Qb4 11. g4 Bg6 12. a3 Qxb2 13. Qe1 e6 14. Ne5 Nd5 15.
Nxd5 exd5 16. Nxc6 bxc6 17. Bg5 Bd6 18. Bxd8 Rxd8 19. Qa5 Qxd4 20. Qxa6+ Kd7
21. Rfe1 Bxc2 22. Qe2 Qd3 23. a4 Ra8 24. Qxd3 Bxd3 25. Re3 Bb5 26. a5 f6 27.
Bf1 Bxf1 28. Kxf1 c5 29. h4 c4 30. g5 Be5 31. Ra2 Ra6 32. Ke2 c5 33. Kf3 Kd6
34. Kg4 d4 35. Re1 Kd5 36. f4 Bd6 37. h5 h6 38. gxh6 gxh6 39. Kf5 c3 40. Rd1 c4
41. Kxf6 Bxf4+ 42. Kf5 Bd2 43. Rg1 d3 44. Rg6 Ra8 45. a6 c2 0-1

[Event "35 Andorra Open"]
[Site "Hotel Panorama [Ctra. de l'Oba"]
[Date "2017.07.29"]
[Round "8.19"]
[White "Hansen, Torbjorn Ringdal"]
[Black "Vignesh, B."]
[Result "1-0"]
[WhiteElo "2429"]
[BlackElo "2124"]
[PlyCount "81"]
[EventDate "2017.07.22"]

1. e4 e6 2. d4 d5 3. Nd2 c5 4. exd5 Qxd5 5. Ngf3 cxd4 6. Bc4 Qd6 7. O-O Nf6 8.
Nb3 Nc6 9. Nbxd4 Nxd4 10. Nxd4 a6 11. Re1 Qc7 12. Bf1 Bd6 13. Nf5 Bxh2+ 14. Kh1
Kf8 15. Qd4 exf5 16. Qxf6 h6 17. Qd4 Bd6 18. Bd2 Qc5 19. Qd3 Be6 20. Rad1 Be5
21. Bb4 Qxb4 22. Rxe5 Kg8 23. b3 Qf4 24. Qe2 Kh7 25. g3 Qb4 26. Bh3 Rhe8 27.
Bxf5+ Bxf5 28. Rxe8 Rxe8 29. Qxe8 Qg4 30. Re1 Bd7 31. Qxf7 Qh3+ 32. Kg1 Bc6 33.
f3 Qxg3+ 34. Kf1 Qxf3+ 35. Qxf3 Bxf3 36. c4 Bc6 37. a4 h5 38. a5 h4 39. b4 g5
40. Re5 Kg6 41. Re6+ 1-0

[Event "35 Andorra Open"]
[Site "Hotel Panorama [Ctra. de l'Oba"]
[Date "2017.07.29"]
[Round "8.20"]
[White "Degraeve, Jean-Marc"]
[Black "Michalowski, Peter"]
[Result "1-0"]
[WhiteElo "2585"]
[BlackElo "2064"]
[PlyCount "85"]
[EventDate "2017.07.22"]

1. e4 c5 2. Nf3 d6 3. Bb5+ Bd7 4. Bxd7+ Qxd7 5. O-O Nf6 6. e5 dxe5 7. Nxe5 Qc8
8. Qf3 e6 9. Nc3 Be7 10. d3 Nbd7 11. Nc4 Nb6 12. b3 Nxc4 13. bxc4 O-O 14. Bf4
Rd8 15. Rfb1 Rd7 16. a4 Ne8 17. Ne4 Qc6 18. a5 Rc8 19. Rb3 Nf6 20. Nd2 Qxf3 21.
Nxf3 Ne8 22. Rab1 Bd6 23. Be3 Rcc7 24. Nd2 h6 25. Ne4 g5 26. Rb5 Be7 27. Nxc5
a6 28. Nxd7 axb5 29. Nb6 bxc4 30. Nxc4 Nd6 31. Nxd6 Bxd6 32. c4 Bc5 33. Kf1
Bxe3 34. fxe3 Kf8 35. Ke2 Ke7 36. d4 Rxc4 37. Rxb7+ Kf6 38. a6 Ra4 39. a7 Ra3
40. e4 Ra4 41. Kd3 Kg6 42. d5 exd5 43. exd5 1-0

[Event "35 Andorra Open"]
[Site "Hotel Panorama [Ctra. de l'Oba"]
[Date "2017.07.29"]
[Round "8.21"]
[White "Barbot, Pierre"]
[Black "Bergsson, Stefan"]
[Result "1-0"]
[WhiteElo "2453"]
[BlackElo "2060"]
[PlyCount "60"]
[EventDate "2017.07.22"]

1. d4 Nf6 2. c4 g6 3. Nc3 Bg7 4. e4 d6 5. Bd3 O-O 6. Nge2 a6 7. O-O Nbd7 8. f4
c5 9. e5 Ng4 10. d5 dxe5 11. f5 b5 12. Ng3 e4 13. Bxe4 Bd4+ 14. Kh1 Nde5 15.
Bg5 h6 16. Bf4 Nxh2 17. Nge2 Nxf1 18. Nxd4 cxd4 19. Qxd4 Nxc4 20. Rxf1 e5 21.
fxe6 fxe6 22. Kg1 Rxf4 23. Rxf4 e5 24. Qc5 exf4 25. d6 Qb6 26. Qxb6 Nxb6 27.
Nd5 Rb8 28. Ne7+ Kf7 29. Nc6 Nd7 30. Nxb8 Nxb8 1-0

[Event "35 Andorra Open"]
[Site "Hotel Panorama [Ctra. de l'Oba"]
[Date "2017.07.29"]
[Round "8.22"]
[White "Schaefer, Reyk"]
[Black "Loiseau, Quentin"]
[Result "1/2-1/2"]
[WhiteElo "2135"]
[BlackElo "2424"]
[PlyCount "68"]
[EventDate "2017.07.22"]

1. c4 c6 2. d4 d5 3. cxd5 cxd5 4. Bf4 Nc6 5. Nc3 e5 6. dxe5 d4 7. Ne4 Qa5+ 8.
Nd2 Nge7 9. Ngf3 Nd5 10. e3 Bg4 11. Be2 dxe3 12. fxe3 Rd8 13. a3 Nxf4 14. exf4
Bxf3 15. Bxf3 Nd4 16. b4 Nxf3+ 17. gxf3 Qb6 18. Qa4+ Ke7 19. O-O-O Qe3 20. Kb1
Qd3+ 21. Qc2 Qxc2+ 22. Kxc2 g6 23. Rhe1 Bh6 24. Re4 Rc8+ 25. Kb1 Rhd8 26. Rc1
Rxc1+ 27. Kxc1 b5 28. Kc2 Rd5 29. Nf1 Ke6 30. Ne3 Rd7 31. Kc3 Rc7+ 32. Kd2 Rd7+
33. Kc3 Rc7+ 34. Kd2 Rd7+ 1/2-1/2

[Event "35 Andorra Open"]
[Site "Hotel Panorama [Ctra. de l'Oba"]
[Date "2017.07.29"]
[Round "8.23"]
[White "Arjun, Kalyan"]
[Black "Planas Gene, Juan"]
[Result "1-0"]
[WhiteElo "2347"]
[BlackElo "2023"]
[PlyCount "59"]
[EventDate "2017.07.22"]

1. e4 e5 2. Nf3 Nf6 3. Nxe5 d6 4. Nf3 Nxe4 5. d4 d5 6. Bd3 Bd6 7. O-O O-O 8. c4
c6 9. Re1 Bf5 10. Qb3 Na6 11. cxd5 cxd5 12. Nc3 Be6 13. a3 Rb8 14. Qc2 f5 15.
Ne5 Rc8 16. f3 Bxe5 17. dxe5 Nxc3 18. bxc3 d4 19. Bb2 dxc3 20. Bxc3 Nc5 21. Bf1
Nb3 22. Rab1 Qb6+ 23. Kh1 Rf7 24. Red1 Rfc7 25. Rd3 Rc6 26. f4 Qc7 27. Rxb3 Qf7
28. Rb1 Bc4 29. Re3 Bd5 30. Rc1 1-0

[Event "35 Andorra Open"]
[Site "Hotel Panorama [Ctra. de l'Oba"]
[Date "2017.07.29"]
[Round "8.24"]
[White "Shevelev, Dmitri"]
[Black "Sokolinsky, Yaakov"]
[Result "1-0"]
[WhiteElo "2283"]
[BlackElo "1827"]
[PlyCount "37"]
[EventDate "2017.07.22"]

1. d4 d5 2. Nf3 Nf6 3. g3 Bf5 4. Bg2 h6 5. c4 e6 6. cxd5 exd5 7. Qb3 Qc8 8. Nc3
c6 9. Ne5 Bd6 10. Bf4 Bxe5 11. Bxe5 O-O 12. Bxf6 gxf6 13. O-O Bg6 14. Rac1 Kg7
15. e4 dxe4 16. Nxe4 Bxe4 17. Bxe4 Qg4 18. Qxb7 Qxe4 19. Qxa8 1-0

[Event "35 Andorra Open"]
[Site "Hotel Panorama [Ctra. de l'Oba"]
[Date "2017.07.29"]
[Round "8.25"]
[White "Martinez Lopez, Ivan"]
[Black "Andre, Gordon"]
[Result "0-1"]
[WhiteElo "2176"]
[BlackElo "2259"]
[PlyCount "84"]
[EventDate "2017.07.22"]

1. Nf3 c5 2. g3 d5 3. Bg2 Nc6 4. O-O Nf6 5. c4 d4 6. d3 e5 7. a3 a5 8. e3 Be7
9. exd4 exd4 10. Re1 O-O 11. Bg5 h6 12. Bxf6 Bxf6 13. Nbd2 Bf5 14. Ne4 Be7 15.
Nfd2 Bd7 16. f4 a4 17. Qc2 Qc7 18. Re2 g5 19. fxg5 hxg5 20. Nf2 f5 21. Rae1 Bd6
22. Bd5+ Kg7 23. Nf1 Rh8 24. Qd2 Rh5 25. Nh1 g4 26. Rf2 Ne5 27. Qe2 Re8 28. Nd2
Nf3+ 29. Bxf3 Rxe2 30. Bxe2 Bc6 31. Nf1 Bxh1 32. Kxh1 Bxg3 33. Nxg3 Qxg3 34.
Ref1 Qe5 35. Rg2 Rh3 36. Rfg1 Kh6 37. Bf1 Re3 38. Rf2 Kg5 39. Rgg2 Re1 40. Rg1
Qe3 41. h4+ Kf6 42. Rh2 Qf3+ 0-1

[Event "35 Open Andorra"]
[Site "Escaldes-Engordany"]
[Date "2017.07.30"]
[Round "9.1"]
[White "Forcen Esteban, Daniel"]
[Black "Pena Gomez, Manuel"]
[Result "1-0"]
[WhiteElo "2536"]
[BlackElo "2468"]
[PlyCount "137"]
[EventDate "2017.??.??"]
[WhiteClock "0:04:57"]
[BlackClock "0:00:31"]

1. d4 Nf6 2. Nf3 e6 3. c4 c5 4. d5 exd5 5. cxd5 d6 6. Nc3 g6 7. Bf4 Bg7 8. e4
O-O 9. Nd2 Re8 10. Be2 Bf8 11. Qc2 Na6 12. O-O Nc7 13. Rfe1 Bg4 14. f3 Bd7 15.
a4 Nh5 16. Be3 Qf6 17. Nc4 b5 18. axb5 Nxb5 19. Nxb5 Bxb5 20. Qd2 Bxc4 21. Bxc4
Reb8 22. b3 Qd8 23. Bg5 Be7 24. Bxe7 Qxe7 25. e5 Rd8 26. exd6 Qf6 27. Qe3 Qxd6
28. Ra6 Qf8 29. Qe7 Re8 30. Qxf8+ Kxf8 31. Rxe8+ Kxe8 32. Bb5+ Kf8 33. Rc6 Rd8
34. Bc4 Ke7 35. Rxc5 Nf6 36. Ra5 Rd7 37. Kf2 Rc7 38. Ra6 Ne8 39. Ke3 Nd6 40.
Kd4 f6 41. g4 h5 42. h3 hxg4 43. hxg4 g5 44. Ra2 Kf8 45. Bd3 Rb7 46. Kc5 Ke7
47. Re2+ Kd7 48. Re6 Rb6 49. Kd4 Rb4+ 50. Kc5 Rb6 51. Kd4 Rb4+ 52. Bc4 Rb6 53.
Re1 Rb7 54. Re2 Kd8 55. Rh2 Ke7 56. Rh7+ Kd8 57. Rh8+ Ke7 58. Ra8 Kd7 59. Ba6
Rc7 60. Rh8 Ke7 61. Rb8 Kd7 62. Bb5+ Ke7 63. Bc6 Rc8 64. Rb4 Rc7 65. Ra4 Kd8
66. Ra1 Nf7 67. Kc5 Ne5 68. Rh1 Rf7 69. Rh8+ 1-0